000 00524 a2200205 4500
005 20260401113026.0
008 260324b |||||||| |||| 00| 0 eng d
020 _a9788197179532
_cRs. 1195.00
040 _aMAIN
082 _a647.95
_bB469P
100 _aBhatnagar, S K
245 _aProfitable food and beverages management
250 _a
260 _bThe Hospitality Press
_c2024
_aDelhi
300 _ax, 582
650 _aTechnology
650 _aFamily Management
650 _aFood Services
942 _cBK
999 _c395637
_d395637